Les 30 joueurs les + chers de Newcastle - Statistiques

Statistiques générales
  • Ce quiz a été pris 36 fois
    19 depuis la dernière actualisation
  • Le résultat moyen est 17 sur 30
Statistiques - réponses
# Saison De Poste Valeur du transfert Pays Joueur % Correct
2 22/23 Real Sociedad A 70 000 000 € Alexander Isak
93%
9 19/20 TSG Hoffenheim M 43 500 000 € Joelinton
93%
13 25/26 AC Milan D 35 000 000 € Malick Thiaw
93%
1 25/26 VfB Stuttgart A 85 000 000 € Nick Woltemade
93%
4 23/24 AC Milan M 58 900 000 € Sandro Tonali
93%
12 22/23 Lille OSC D 37 000 000 € Sven Botman
93%
10 21/22 Olympique Lyonnais M 42 100 000 € Bruno Guimarães
86%
5 25/26 Brentford FC A 57 700 000 € Yoane Wissa
86%
3 25/26 Nottingham Forest FC A 61 400 000 € Anthony Elanga
79%
6 22/23 Everton FC A 45 600 000 € Anthony Gordon
79%
8 23/24 Leicester City FC A 44 000 000 € Harvey Barnes
79%
15 21/22 Burnley FC A 30 000 000 € Chris Wood
71%
14 24/25 Chelsea FC D 33 000 000 € Lewis Hall
64%
18 18/19 Atlanta United FC A 24 000 000 € Miguel Almirón
64%
24 15/16 Olympique de Marseille A 18 350 000 € Florian Thauvin
57%
7 25/26 Aston Villa FC M 45 150 000 € Jacob Ramsey
57%
16 21/22 Arsenal FC M 29 400 000 € Joe Willock
57%
11 23/24 Southampton FC D 37 200 000 € Tino Livramento
57%
26 96/97 Blackburn Rovers A 18 000 000 € Alan Shearer
43%
23 15/16 RSC Anderlecht A 18 500 000 € Aleksandar Mitrović
43%
25 19/20 OGC Nice A 18 000 000 € Allan Saint-Maximin
43%
17 05/06 Real Madrid CF A 25 000 000 € Michael Owen
43%
22 15/16 PSV M 20 000 000 € Georginio Wijnaldum
36%
19 24/25 Nottingham Forest FC G 23 600 000 € Odysseas Vlachodimos
29%
20 20/21 AFC Bournemouth A 22 250 000 € Callum Wilson
21%
30 06/07 Inter A 16 000 000 € Obafemi Martins
21%
29 15/16 Swansea City AFC M 16 000 000 € Jonjo Shelvey
14%
21 05/06 RC Deportivo de La Coruña A 20 000 000 € Albert Luque
7%
28 20/21 Norwich City FC D 16 500 000 € Jamal Lewis
7%
27 22/23 Aston Villa FC D 17 500 000 € Matt Targett
7%
Aucun quiz correspondant
Distribution des résultats
% des personnes avec chaque résultat
Percentile par nombre de réponses
Votre historique - résultats
Vous n’avez pas pris ce quiz depuis la dernière actualisation